| 000 | 00594nam a22002057a 4500 | ||
|---|---|---|---|
| 003 | OSt | ||
| 005 | 20260313005148.0 | ||
| 008 | 260313b |||||||| |||| 00| 0 eng d | ||
| 020 | _a971-23-4458-4. | ||
| 040 |
_aDWCL Main lib _cOC |
||
| 082 |
_2Updated 2006 ed. _aFil. 331 P139 2006 |
||
| 100 | _aPagoso, Cristobal M. | ||
| 245 |
_aLabor economics _cCristobal M. Pagoso |
||
| 250 | _aUpdated 2006 ed. | ||
| 260 |
_aManila : _bRe Book Store, _cc2006. |
||
| 300 |
_avi, 343 p. ; _c21 cm. |
||
| 504 | _aIncludes index. | ||
| 650 | _aLabor. | ||
| 942 |
_2ddc _cBK - FIL _eUpdated 2006 ed. _kFil. _n0 |
||
| 999 |
_c9069 _d9069 |
||